00454nam a2200109Ia 4500008004100000041000800041100002800049245002400077260003800101999001700139952018800156230206s9999 xx 000 0 und d aeng aMurthy E N, Ed.9119294 aAdvertising Express c2010bIUP PublicationsaHyderabad c97746d97746 00104070aHIMRbHIMRd2016-12-02eSatya GilanihMay 2010 to Aug. 2010 (Vol. 10 No. 5 to Vol. 10 No. 8)l0o659.1/MUR BV0428pHIMR-BV-428r2023-02-06 00:00:00w2023-02-06yBVzBV0428